• 首页
  • 本馆介绍
  • 公告通知
  • 最新文献
  • 馆藏检索
  • 电子资源
  • 读者导购
  • 参考咨询
  • 我的图书馆
  • 登录
  • 期刊详细显示
  • 现刊情况显示
  • 合订本情况显示
  • 篇目信息显示

期刊信息

  • 表格格式
  • 工作单格式
  • 卡片格式
索取号 
I1/WGJY
题名 
外国教育
作者 
中央教育科学研究所比较教育研究室
分册号 
分册名 
出版地 
北京
出版者 
教育科学出版社
标准刊号 
出版频率 
双月刊
中图法分类 
I1
主题词 
文学 世界
电子资源 
000 00637nas0 2200193 45
001 0733706641
005 2007091009214664
011    @d¥4.80
100    @a20070910d km y0chiy0120 ea
101 0  @achi
110    @aagaz 0xx0
200 1  @a外国教育@AWai Guo Jiao Yu@f中央教育科学研究所比较教育研究室@FZhong Yang Jiao Yu Ke Xue Yan Jiu Suo Bi Jiao Jiao Yu Yan Jiu Shi
210    @a北京@c教育科学出版社
326    @a双月刊
606 0  @a文学@x世界
690    @aI1@v4
711 02 @a中央教育科学研究所比较教育研究室@AZhong Yang Jiao Yu Ke Xue Yan Jiu Suo Bi Jiao Jiao Yu Yan Jiu Shi
801  0 @aCN@bPFT@c20070910
905    @a213230@dI1@eWGJY
    
    外国教育/中央教育科学研究所比较教育研究室.-北京:教育科学出版社
    
    
    
    ¥4.80
    
●
相关链接: 在易读查询期刊 在中国知网中查询期刊 在万方数据查询期刊 在维普查询期刊
唐山师范学院图书馆 欢迎您!
大连网信软件有限公司© 版权所有